000 00569nam a2200181Ia 4500
008 151202s9999||||xx |||||||||||||| ||und||
082 _bPNVM-66535
100 _aथत्ते राम अनंत.
245 _aअजिंठा.
260 _b"अक्षर मुद्रा प्रकाशन,नाशिक."
260 _c2004
300 _a144
600 _aथत्ते राम अनंत.
630 _aअजिंठा.
700 _aथत्ते राम अनंत.
730 _aअजिंठा.
942 _cBOOK
999 _c1333067
_d1333064